Border disputes in North East India: (Record no. 11826)

MARC details
000 -LEADER
fixed length control field 00718nam a22002177a 4500
005 - DATE AND TIME OF LATEST TRANSACTION
control field 20240518100451.0
008 - FIXED-LENGTH DATA ELEMENTS--GENERAL INFORMATION
fixed length control field 240518b |||||||| |||| 00| 0 eng d
020 ## - INTERNATIONAL STANDARD BOOK NUMBER
International Standard Book Number 9789393864154
040 ## - CATALOGING SOURCE
Original cataloging agency IN-DiNC
Transcribing agency IN-DiNC
041 ## - LANGUAGE CODE
Language code of sung or spoken text English
082 ## - DEWEY DECIMAL CLASSIFICATION NUMBER
Classification number 320.12
Item number BOR
245 ## - TITLE STATEMENT
Title Border disputes in North East India:
Remainder of title issues and remedies/
Statement of responsibility, etc. ed. by Devojit Phukan, Boikuntha Das and Hedayatullah Choudhury
250 ## - EDITION STATEMENT
Edition statement 1st ed.
260 ## - PUBLICATION, DISTRIBUTION, ETC.
Place of publication, distribution, etc. Guwahati:
Name of publisher, distributor, etc. Assam College Teachers Association,
Date of publication, distribution, etc. 2022.
300 ## - PHYSICAL DESCRIPTION
Extent 224p.
650 ## - SUBJECT ADDED ENTRY--TOPICAL TERM
Topical term or geographic name entry element Border disputes among the states of North East
700 ## - ADDED ENTRY--PERSONAL NAME
Personal name Phukan, Devojit
Relator term Editor
700 ## - ADDED ENTRY--PERSONAL NAME
Personal name Das, Boikuntha
Relator term Editor
700 ## - ADDED ENTRY--PERSONAL NAME
Personal name Choudhury, Hedayatullah
Relator term Editor
942 ## - ADDED ENTRY ELEMENTS (KOHA)
Source of classification or shelving scheme Dewey Decimal Classification
Koha item type Books
Holdings
Withdrawn status Lost status Source of classification or shelving scheme Damaged status Not for loan Collection code Home library Current library Shelving location Date acquired Cost, normal purchase price Total Checkouts Full call number Barcode Date last seen Copy number Price effective from Koha item type
    Dewey Decimal Classification     Political Science Central Library, Naharkatiya College Central Library, Naharkatiya College General Stacks 18/05/2024 750.00   320.12 BOR 30017 18/05/2024 1 18/05/2024 Books

Naharkatiya College © 2020. All rights reserved.

Powered By